Statistics for Every Country - No Map - No Abbreviations

Click here to take the quiz!

General Stats

  • This quiz has been taken 11 times
  • The average score is 104 of 193

Answer Stats

HintAnswer% Correct
RUrussia
82%
ARargentina
73%
BAbangladesh
73%
CAcambodia
73%
CHchina
73%
CYcyprus
73%
ESestonia
73%
FIfinland
73%
FRfrance
73%
IRireland
73%
KEkenya
73%
RWrwanda
73%
SLslovakia
73%
TUturkey
73%
UGuganda
73%
UNunited arab emirates
73%
UNunited kingdom
73%
VIvietnam
73%
ZIzimbabwe
73%
AFafghanistan
64%
ALalbania
64%
ANandorra
64%
ANantigua
64%
AUaustralia
64%
AUaustria
64%
BObolivia
64%
BUbulgaria
64%
CRcroatia
64%
CUcuba
64%
CZczechia
64%
DEdemocratic republic of the congo
64%
DEdenmark
64%
DJdjibouti
64%
EAeast timor
64%
ECecuador
64%
ELel salvador
64%
EQequatorial guinea
64%
ESeswatini
64%
ETethiopia
64%
FEfederated states of micronesia
64%
GEgermany
64%
GUguinea
64%
HAhaiti
64%
HOhonduras
64%
ICiceland
64%
INindia
64%
INindonesia
64%
IRiraq
64%
ITitaly
64%
JAjamaica
64%
JAjapan
64%
KIkiribati
64%
KUkuwait
64%
KYkyrgyzstan
64%
MYmyanmar
64%
NInicaragua
64%
NOnorth korea
64%
OMoman
64%
PAparaguay
64%
POpoland
64%
QAqatar
64%
SOsomalia
64%
SOsouth sudan
64%
SPspain
64%
SUsuriname
64%
SWsweden
64%
SYsyria
64%
TAtajikistan
64%
THthailand
64%
TOtogo
64%
TOtonga
64%
TRtrinidad
64%
TUtunisia
64%
TUturkmenistan
64%
TUtuvalu
64%
UKukraine
64%
YEyemen
64%
ZAzambia
64%
ALalgeria
55%
AZazerbaijan
55%
BEbelarus
55%
BEbelgium
55%
BEbenin
55%
BHbhutan
55%
BRbrunei
55%
BUburundi
55%
CAcameroon
55%
CAcanada
55%
CHchile
55%
COcomoros
55%
DOdominica
55%
DOdominican republic
55%
FIfiji
55%
GAgambia
55%
GHghana
55%
GRgreece
55%
GRgrenada
55%
GUguatemala
55%
GUguyana
55%
HUhungary
55%
IRiran
55%
ISisrael
55%
JOjordan
55%
KAkazakhstan
55%
LAlaos
55%
LAlatvia
55%
LElebanon
55%
LIlibya
55%
LIlithuania
55%
LUluxembourg
55%
MOmontenegro
55%
NAnamibia
55%
NEnew zealand
55%
NIniger
55%
NInigeria
55%
NOnorway
55%
PApakistan
55%
PApanama
55%
PApapua new guinea
55%
PEperu
55%
PHphilippines
55%
RErepublic of the congo
55%
ROromania
55%
SEsenegal
55%
SIsingapore
55%
SLslovenia
55%
SOsolomon islands
55%
SOsouth korea
55%
SRsri lanka
55%
SUsudan
55%
SWswitzerland
55%
TAtanzania
55%
URuruguay
55%
UZuzbekistan
55%
VAvanuatu
55%
VEvenezuela
55%
ANangola
45%
ARarmenia
45%
BAbahrain
45%
BObotswana
45%
BRbrazil
45%
COcolombia
45%
EGegypt
45%
EReritrea
45%
GAgabon
45%
GEgeorgia
45%
GUguinea bissau
45%
LIliberia
45%
LIliechtenstein
45%
MAmauritania
45%
MAmauritius
45%
MEmexico
45%
NEnetherlands
45%
PApalau
45%
SAsaudi arabia
45%
SEseychelles
45%
SOsouth africa
45%
TAtaiwan
45%
BEbelize
36%
BObosnia
36%
CAcape verde
36%
CHchad
36%
COcosta rica
36%
LElesotho
36%
MAmadagascar
36%
MAmaldives
36%
MAmali
36%
MAmarshall islands
36%
MOmoldova
36%
MOmorocco
36%
NAnauru
36%
NEnepal
36%
NOnorth macedonia
36%
SAsaint kitts
36%
SAsao tome
36%
SIsierra leone
36%
UNunited states
36%
BAbahamas
27%
BAbarbados
27%
BUburkina faso
27%
CEcentral african republic
27%
COcote divoire
27%
MAmalta
27%
MOmonaco
27%
MOmongolia
27%
MOmozambique
27%
SAsaint lucia
27%
SAsaint vincent
27%
SAsamoa
27%
SAsan marino
27%
SEserbia
27%
MAmalawi
18%
MAmalaysia
18%

Score Distribution

Percentile by Number Answered

Percent of People with Each Score

Your Score History

You have not taken this quiz